000
00237nam a2200097Ia 4500
001
687998
005
20250826161606.0
008
250824s9999 xx 000 0 und d
245
0
_a
HIZLI KURBAĞA
_c
SİMON PUTTOCK
260
_b
MARTI YAYINLARI
999
_c
687998
_d
687998